| 000 | 00926nam a22002775i 4500 | ||
|---|---|---|---|
| 001 | 2112 | ||
| 003 | FISKH | ||
| 005 | 20231106155840.0 | ||
| 008 | 140312s2014 nyu 000 0 eng | ||
| 010 | _a 2014935574 | ||
| 020 | _a9780545741118 | ||
| 040 |
_aDLC _beng _erda _cDLC |
||
| 042 | _apcc | ||
| 050 | _aPZ7.K56475 | ||
| 100 | 1 | _aKimmel, Elizabeth Cody. | |
| 245 | 1 | 0 |
_aSecret of the mountain dog / _cElizabeth Cody Kimmel. |
| 264 | 1 |
_aNew York : _bScholastic, _c2014. |
|
| 300 |
_a200 pages : _c20 cm |
||
| 505 | _aR | ||
| 520 | _aAn adventure-hungry girl and an enormous Tibetan mastiff share a journey in the Catskill Mountains, where a boy and his teacher seek to reopen an abandoned monastery to find a mysterious statue. | ||
| 521 | 8 |
_a740
_bLexile |
|
| 521 | 8 |
_aR
_bRaz-Plus |
|
| 650 |
_aDog _vJuvenile literature |
||
| 906 |
_a0 _bibc _corignew _d2 _eepcn _f20 _gy-gencatlg |
||
| 942 |
_2ddc _cBK _n0 |
||
| 999 |
_c2112 _d2112 |
||